|
|
|
|
| LEADER |
00000naa2a2200000 4500 |
| 001 |
74536 |
| 005 |
20231031085426.0 |
| 035 |
|
|
|a (RuTPU)RU\TPU\book\79500
|
| 090 |
|
|
|a 74536
|
| 100 |
|
|
|a 20050309d2000 k y0rusy50 ca
|
| 101 |
0 |
|
|a rus
|
| 102 |
|
|
|a RU
|
| 200 |
1 |
|
|a Образовательные стандарты в свете требований рыночной экономики
|f Э. Н. Камышев
|
| 463 |
|
1 |
|0 (RuTPU)RU\TPU\book\14603
|t Проблемы и практика инженерного образования. Высшее техническое образование: Качество и интернационализация
|o труды IV Международной научно-практической конференции, 14-17 марта 2000 г., г. Томск
|f Томский политехнический университет
|v С. 105
|d 2000
|p 190 с.
|
| 610 |
1 |
|
|a образовательные стандарты
|
| 610 |
1 |
|
|a рыночная экономика
|
| 610 |
1 |
|
|a Томский политехнический университет
|
| 610 |
1 |
|
|a учебное управление
|
| 610 |
1 |
|
|a организация учебного процесса
|
| 610 |
1 |
|
|a методические рекомендации
|
| 610 |
1 |
|
|a труды учёных ТПУ
|
| 700 |
|
1 |
|a Камышев
|b Э. Н.
|c российский ученый
|c профессор кафедры социологии, психологии и права ТПУ
|f 1943-
|g Эдуард Николаевич
|2 stltpush
|3 (RuTPU)RU\TPU\pers\19796
|
| 801 |
|
1 |
|a RU
|b 63413507
|c 20050309
|g PSBO
|
| 801 |
|
2 |
|a RU
|b 63413507
|c 20120918
|g PSBO
|
| 942 |
|
|
|c BK
|